Normal view MARC view
  • Kulkarni Narayan

Entry Personal Name

Number of records used in: 1

001 - CONTROL NUMBER

  • control field: 213665

003 - CONTROL NUMBER IDENTIFIER

  • control field: OSt

005 - DATE AND TIME OF LATEST TRANSACTION

  • control field: 20251009133012.0

008 - FIXED-LENGTH DATA ELEMENTS

  • fixed length control field: 251009|| aca||aabn | a|a d

040 ## - CATALOGING SOURCE

  • Original cataloging agency: OSt
  • Transcribing agency: OSt

100 ## - HEADING--PERSONAL NAME

  • Personal name: Kulkarni Narayan

670 ## - SOURCE DATA FOUND

  • Source citation: Work cat.: (OSt)367922: Kulkarni Narayan, Hutatma Ramprasad Bismil: Aatmakatha, 2024